| 000 | 00500nam a2200205Ia 4500 | ||
|---|---|---|---|
| 003 | OSt | ||
| 005 | 20140311163111.0 | ||
| 008 | 140130s9999 xx 000 0 und d | ||
| 020 | _a0439791650 | ||
| 050 |
_aPZ 7 _b.Sh52865Al 2005 |
||
| 100 |
_aShannon, David _930957 |
||
| 245 |
_aAlice the fairy / _cShannon, David |
||
| 260 |
_bScholastic, _c2005. _aNew York : |
||
| 300 |
_bcol. ill. ; _c32 cm. |
||
| 440 |
_v1 _930958 |
||
| 521 | _aG3 | ||
| 526 | _c510 | ||
| 942 |
_cBK _2lcc |
||
| 999 |
_c40559 _d40559 |
||